|
|
|
|
| LEADER |
02997nam a2200673 i 4500 |
| 001 |
nkc20172962046 |
| 003 |
CZ PrNK |
| 005 |
20180329124519.0 |
| 007 |
ta |
| 008 |
171212s2017 xr a e c 001 0ceng |
| 020 |
|
|
|a 978-80-7464-964-6
|q (brožováno)
|
| 040 |
|
|
|a BOA001
|b cze
|d ABA001
|e rda
|
| 041 |
1 |
|
|a eng
|a pol
|h cze
|
| 045 |
|
|
|a y0y2
|
| 072 |
|
7 |
|a 72/76
|x Výtvarné umění
|2 Konspekt
|9 21
|
| 080 |
|
|
|a 72/76(4)
|2 MRF
|
| 080 |
|
|
|a (083.824)
|2 MRF
|
| 100 |
1 |
|
|a Čermák, Aleš,
|d 1984-
|7 jo2012718983
|4 art
|
| 245 |
1 |
0 |
|a Inner Image :
|b appearing - disappearing images = Obraz wewnętrzny : pojawiające się - znikające obrazy /
|c artists: Aleš Čermák, Gregor Eldarb, Julia Gryboś & Barbora Zentková, Daniel Hanzlík, Milan Houser, Jan Lesák, Svätopluk Mikyta, Josef Mladějovský, Pavel Mrkus, Jaromír Novotný, Libor Novotný ; text: Tomáš Knoflíček, Michal Koleček, František Kowolowski
|
| 246 |
3 |
1 |
|a Obraz wewnętrzny
|
| 264 |
|
1 |
|a Ostrava :
|b Faculty of Arts, University of Ostrava,
|c 2017
|
| 300 |
|
|
|a 127 stran :
|b ilustrace (převážně barevné) ;
|c 23 cm
|
| 336 |
|
|
|a text
|b txt
|2 rdacontent
|
| 336 |
|
|
|a statický obraz
|b sti
|2 rdacontent
|
| 337 |
|
|
|a bez média
|b n
|2 rdamedia
|
| 338 |
|
|
|a svazek
|b nc
|2 rdacarrier
|
| 500 |
|
|
|a Přeloženo z češtiny
|
| 500 |
|
|
|a Výstava konaná v Galeria Arsenal 8.12.2017-21.01.2018
|
| 500 |
|
|
|a Životopisná data
|
| 500 |
|
|
|a Obsahuje rejstřík
|
| 500 |
|
|
|a 300 výtisků
|
| 546 |
|
|
|a Souběžný polský text
|
| 648 |
|
7 |
|a 21. století
|7 ch460559
|2 czenas
|
| 648 |
|
7 |
|a 2001-2020
|7 ch460601
|2 czenas
|
| 650 |
0 |
7 |
|a evropské výtvarné umění
|7 ph120080
|y 21. století
|2 czenas
|
| 650 |
0 |
9 |
|a European art
|y 21st century
|2 eczenas
|
| 655 |
|
7 |
|a katalogy výstav
|7 fd132536
|2 czenas
|
| 655 |
|
9 |
|a exhibition catalogs
|2 eczenas
|
| 700 |
1 |
|
|a Eldarb, Gregor,
|d 1971-
|7 mzk2018977880
|4 art
|
| 700 |
1 |
|
|a Gryboś, Julia,
|d 1988-
|7 mzk2018977898
|4 art
|
| 700 |
1 |
|
|a Zentková, Barbora,
|d 1986-
|7 mzk2018977903
|4 art
|
| 700 |
1 |
|
|a Hanzlík, Daniel,
|d 1970-
|7 jn19990209213
|4 art
|
| 700 |
1 |
|
|a Houser, Milan,
|d 1971-
|7 jo20000080582
|4 art
|
| 700 |
1 |
|
|a Lesák, Jan,
|d 1984-
|7 jo2007409299
|4 art
|
| 700 |
1 |
|
|a Mikyta, Svätopluk,
|d 1973-
|7 osa2017940513
|4 art
|
| 700 |
1 |
|
|a Mladějovský, Josef,
|d 1986-
|7 jo2010589190
|4 art
|
| 700 |
1 |
|
|a Mrkus, Pavel,
|d 1970-
|7 jn19990009939
|4 art
|
| 700 |
1 |
|
|a Novotný, Jaromír,
|d 1974-
|7 jo2003197038
|4 art
|
| 700 |
1 |
|
|a Novotný, Libor,
|d 1979-
|7 jx20080923019
|4 art
|
| 700 |
1 |
|
|a Knoflíček, Tomáš,
|d 1973-
|7 pag2010575158
|4 aut
|
| 700 |
1 |
|
|a Koleček, Michal,
|d 1966-
|7 jn99240000479
|4 aut
|
| 700 |
1 |
|
|a Kowolowski, František,
|d 1967-
|7 ola200208626
|4 aut
|
| 710 |
2 |
|
|a Galeria Arsenal (Białystok, Polsko)
|7 mzk2005280266
|4 orm
|
| 910 |
2 |
|
|a BOA001
|b 2-1402.225
|
| 928 |
9 |
|
|a Fakulta umění, Ostravská univerzita
|
| 990 |
|
|
|a BK
|
| 995 |
|
|
|a 11
|
| 991 |
|
|
|b 201801
|c NOV
|
| 996 |
6 |
|
|b 2610730887
|c 2-1402.225
|l MZK
|r Sklad / do 1 hodiny
|n 1
|p p.v.
|w 001646702
|u 000010
|a 1
|e BOA001
|j MZK50
|s P
|